| 000 | 00556nam a2200193Ia 4500 | ||
|---|---|---|---|
| 005 | 20250508165318.0 | ||
| 008 | 008 250505s9999 xx 000 0 hin d | ||
| 037 | _aTheses | ||
| 040 |
_aFEDL _beng _cFEDL |
||
| 041 |
_ahin _2eng |
||
| 084 |
_a379.154, ASH/TH _qFEDL |
||
| 100 | _aAshwani | ||
| 245 | 0 | _aBharat mein shaikshik vikendrikaran ka adhyayan: Panchayati raj ke sandarbh mein | |
| 260 | _c2012 | ||
| 300 | _a392p. | ||
| 546 | _aPh.D. Thesis (Delhi University) | ||
| 942 |
_cTH _h379.154, ASH/TH |
||
| 999 |
_c1394378 _d1394378 |
||